| 000 | 00560nam a22002057a 4500 | ||
|---|---|---|---|
| 003 | MPLRDC | ||
| 005 | 20220104201913.0 | ||
| 008 | 210129b ||||| |||| 00| 0 eng d | ||
| 020 | _a957-545-453-7 | ||
| 082 | _a857.62 XCJTL-8 v.8 | ||
| 100 | _a西村京太郎 | ||
| 245 |
_a杀人灭口 _c林达中 译 |
||
| 250 | _a再版 | ||
| 260 |
_a台湾 _b志文出版社 _c1997 |
||
| 300 | _b平 | ||
| 490 | _a新潮推理: 39 --西村京太郎推理系列之八 | ||
| 520 | _a上架 2017-11-01。 | ||
| 650 | _a推理小说 | ||
| 942 |
_cBK _o857.62 XCJTL-8 v.8 |
||
| 999 |
_c67377 _d67367 |
||